| 000 | 00752nam a2200169 a 4500 | ||
|---|---|---|---|
| 008 | 120416s2006 ||||||||||||||||| || u | ||
| 050 | _aUN-ECE(08) | ||
| 110 | _aUnited Nations Economic Commission for Europe (UNECE) | ||
| 245 | 1 | 0 |
_aGuidance on the application of the Espoo convention _cby United Nations Economic Commission for Europe [UN-ECE] |
| 260 |
_aNew York: _bUnited Nations Economic Commission for Europe (UNECE) _c2006 |
||
| 300 | _aiv, 71p.: ill. | ||
| 350 | _a0.00 | ||
| 490 | _aEnvironmental Series | ||
| 490 | _v8 | ||
| 650 | _aENVIRONMENTAL IMPACT ANALYSIS--CASE STUDIES | ||
| 995 |
_D0.00 _FCBU-MAIN LIBRARY (Kitwe) _H1 _I0.00 _M2 _UAVAILABLE _WAug 8, 2006 _ZInternational Publications |
||
| 999 |
_c45058 _d45058 |
||